[Event "SVK-ch U12"]
[Site "Liptovsky Mikulas"]
[Date "2017.04.23"]
[Round "3"]
[White "Jasurek, Filip"]
[Black "Riebesam, Norbert"]
[Result "0-1"]
[WhiteElo "1000"]
[BlackElo "1382"]
[PlyCount "81"]
[EventDate "2017.04.22"]
[EventType "swiss"]
[EventRounds "9"]
[EventCountry "SVK"]
[SourceTitle "CBM 178 Extra"]
[Source "ChessBase"]
[SourceDate "2017.06.22"]
[SourceVersion "1"]
[SourceVersionDate "2017.06.22"]
[SourceQuality "1"]

1. e4 e5 2. d3 Nf6 3. Be2 d6 4. Nf3 Bg4 5. Bg5 Nc6 6. Nc3 h6 7. Bxf6 Qxf6 8. Nd5 Qd8 9. 0-0 Bxf3 10. Bxf3 Ne7 11. Nxe7 Bxe7 12. c3 0-0 13. d4 Bf6 14. dxe5 dxe5 15. Qxd8 Raxd8 16. g3 Rd3 17. Bg2 Rd2 18. b3 a5 19. c4 c6 20. Rfd1 Rfd8 21. Bf3 R2d4 22. Rxd4 Rxd4 23. Be2 Rd2 24. Bg4 b5 25. cxb5 cxb5 26. Kf1 b4 27. Ke1 Rb2 28. Kd1 Rxf2 29. a3 Rf1+ 30. Kc2 Rxa1 31. axb4 axb4 32. Kd3 Rc1 33. Kd2 Rc8 34. Be2 Bg5+ 35. Ke1 Rc1+ 36. Kf2 Rc3 37. Kg2 Rxb3 38. Kf2 Be3+ 39. Kf3 Bg1+ 40. Kg4 Bxh2 41. Bf3 0-1